| 000 | 00370nam a2200145 i 4500 | ||
|---|---|---|---|
| 001 | bg | ||
| 100 | 1 | _aSZPAKOWSKI, Zbigniew | |
| 245 | 0 |
_aPomiary w radiokomunikacji amatorskiej / _cZbigniew Szpakowski. |
|
| 250 | _aWyd.2 popr. i uzupeĊ. | ||
| 260 |
_aWarszawa, _c1978. |
||
| 040 | _cBPK | ||
| 041 | _apol | ||
| 942 | _cKS | ||
| 008 | s pl f |000 0 pol | ||
| 999 |
_c17666 _d17666 |
||
| 856 |
_uhttp://koha.tu.koszalin.pl/cgi-bin/koha/opac-detail.pl?biblionumber=17666 _yKatalog online BPK |
||